000 00572nam a2200193Ia 4500
005 20260114185626.0
008 008 260114s9999 xx 000 0 eng d
020 _a9781474276863
037 _aEBOOK
040 _aCRL
_beng
_cCRL
041 _aeng
_2eng
084 _qCRL
100 _aJames E. Wadsworth
_9872367
245 0 _aColumbus and His First Voyage A History in Documents
260 _bBloomsbury
_c2016
856 _uhttps://doi.org/10.5040/9781474276863?locatt=label:secondary_bloomsburyCollections
942 _cEBOOK
999 _c1471315
_d1471315